Responses for show #8451 - Monday, July 26, 2021

Matt Amodio game 4.
First game with LeVar Burton as guest host.
Champion's winnings & consolation amounts matched to Reading is Fundamental.

Contestants

[<< previous game]

Kathleen McHugh, a retired legal assistant originally from Detroit, Michigan

Patrick Pearce, a product specialist from Fountain Valley, California

Matt Amodio, a Ph.D. student from New Haven, Connecticut (whose 3-day cash winnings total $101,400)

[next game >>]

Jeopardy! Round responses

HISTORY
TV WORKPLACES
WHERE THE WILD THINGS ARE
BUSINESS IN THE FRONT
PARTY IN THE BACK
NICE "MUL" IT
    $200 25
(Matt: What's a bomb? [*]?)

an H-bomb

Matt
    $200 3
community

Patrick
    $200 29
Spain

Matt
    $200 22
CVS

Matt
    $200 15
Twenty Questions

Patrick
    $200 30
(Patrick: [No response])

tumult

MattPatrick
    $400 10
Waterloo

Patrick
    $400 24
ER

Kathleen
    $400 26
Alaska

Matt
    $400 21
Microsoft

Kathleen
    $400 27
wallflower

Matt
    $400 28
mulligan

Matt
    $600 9
(Matt: Um... what's, uh...[After time expired] [*]?)
(LeVar: Wrong. Kathleen?)
(Kathleen: Who is Somoza?)
[Kathleen's incorrect response was changed to no response due to LeVar misleading her that Matt's response was wrong.]

Manuel Noriega

MattPatrick
    $600 17
(Patrick: What is the Super...)

The Boys

MattPatrick
    $600 20
India & Pakistan

Patrick
    $600 16
GameStop

Patrick
    $600 19
"White Wedding"

Matt
    $600 23
mulch

Matt
    $800 4
Ivan (the Great)

Triple Stumper
    $800 11
Criminal Minds

Matt
    $4,200 12
kiwi

Matt
    $800 13
(Patrick: What is Shell?)

Standard Oil

MattPatrick
    $800 14
Mardi Gras

Kathleen
    $800 18
a multitude

Patrick
    $1000 1
astrolabe

Matt
    $1000 2
Good Girls

Kathleen
    $1000 7
(Patrick: What is a gopher?)
(Kathleen: What is a beaver?)

marmot

MattPatrickKathleen
    $1000 8
(Patrick: What is New York Life?)

Met Life

Patrick
Triple Stumper
    $1000 5
artichoke

Matt
    $1000 6
promulgate

Matt

Scores at the first commercial break (after clue 15):

Matt Patrick Kathleen
$9,200 -$1,400 $800

Scores at the end of the Jeopardy! Round:

Matt Patrick Kathleen
$13,000 -$200 $1,600

Double Jeopardy! Round responses

ARABIA
NAMES IN LITERATURE
TOUGH 3-LETTER WORDS
U.S. GOVERNMENT BUILDINGS
POPES
OSCAR ACCEPTANCE SPEECHES
    $400 4
the Red Sea

Kathleen
    $400 26
[The end-of-round signal sounds.]

yen

Matt
    $400 18
a blessing

Kathleen
    $400 12
Hoffman

Matt
    $800 5
(Matt: What's Medina?)

Mecca

MattPatrick
    $800 24
(Bram) Stoker

Matt
    $800 19
the College of Cardinals

Patrick
    $3,000 11
(Kathleen: Who is Cher?)
...
(LeVar: Michael Dukakis ran for president.)

Olympia Dukakis

Kathleen
    $1200 14
proxy

Matt
    $1200 16
Yahoo(s)

Matt
    $1200 22
yaw

Matt
    $1200 25
(Patrick: What is... Kennebunkport?)

Dublin

PatrickKathleen
    $1200 17
bestowing sainthood

Kathleen
    $1200 10
(ChloƩ) Zhao

Kathleen
    $1600 3
(Patrick: Uh, what are cows and sheep?)

sheep & goats

PatrickKathleen
    $1600 15
Ichabod Crane

Matt
    $1600 6
(Patrick: What is Iip--)
(LeVar: No.)
(Patrick: What is...)
(Matt: Oh, uh... what is... hic?)
...
(LeVar: We were looking for [*]. [*] semper tyrannis.)

Sic

MattPatrick
Triple Stumper
    $1600 1
[NOTE: The full name also includes Explosives.]

the Bureau of Alcohol, Tobacco & Firearms

Patrick
    $1600 2
Jesuits

Matt
    $1600 9
Nurse Ratched

Kathleen
    $2,000 7
(Patrick: What is Abu Dhabi?)

Qatar

Patrick
    $2000 13
The Glass Menagerie

Kathleen
    $2000 23
(Patrick: What is a cut?)
...
(LeVar: Less than a minute, players.)

a Col

Patrick
Triple Stumper
    $2000 21
Battle Creek

Kathleen
    $2000 8
(Patrick: What is ecumenical?)

Urbi et Orbi

Patrick
Triple Stumper
    $2000 20
(Matt: What's Brando?)
...
(LeVar: [*], winning for The African Queen.)

Humphrey Bogart

Matt
Triple Stumper

Scores at the end of the Double Jeopardy! Round:

Matt Patrick Kathleen
$17,000 -$7,400 $10,200

[wagering suggestions for these scores]

Final Jeopardy! Round responses

NOTABLE NAMES
(LeVar: The great English physicist who made many contributions to his field, primarily working on black holes.)
KathleenWho is Stephen Hawking?
$7,000
MattWho is Hawking?
$4,000
Stephen Hawking

Final scores:

Matt Patrick Kathleen
$21,000 -$7,400 $17,200
4-day champion: $122,400 3rd place: $1,000 2nd place: $2,000

Game dynamics:

Coryat scores:

Matt Patrick Kathleen
$13,600 -$5,400 $13,200
25 R
(including 1 DD),
4 W
10 R,
11 W
(including 1 DD)
13 R,
2 W
(including 1 DD)

Combined Coryat: $21,400

The J! Archive is created by fans, for fans. The Jeopardy! game show and all elements thereof, including but not limited to copyright and trademark thereto, are the property of Jeopardy Productions, Inc. and are protected under law. This website is not affiliated with, sponsored by, or operated by Jeopardy Productions, Inc. Join the discussion at JBoard.tv.